[Event "Mittelfranken Mitte-ch"]
[Site "Nuremberg"]
[Date "2020.01.04"]
[Round "2.15"]
[White "Nuesslein, Christian"]
[Black "Majid, Hakim"]
[Result "1-0"]
[WhiteElo "1848"]
[BlackElo "1528"]
[PlyCount "67"]
[EventDate "2020.01.03"]
[EventType "swiss"]
[EventRounds "7"]
[EventCountry "GER"]
[SourceTitle "EXT 2023"]
[Source "ChessBase"]
[SourceDate "2022.10.05"]
[SourceVersion "1"]
[SourceVersionDate "2022.10.05"]
[SourceQuality "1"]

1. b4 e5 2. Bb2 d6 3. c4 Nf6 4. e3 Be7 5. Be2 Nbd7 6. d3 0-0 7. Nd2 c6 8. a4 d5 9. b5 dxc4 10. dxc4 cxb5 11. axb5 Bd6 12. Ngf3 Bc7 13. 0-0 e4 14. Ng5 Nc5 15. Bxf6 Qxf6 16. Ngxe4 Qe5 17. f4 Qe7 18. Nxc5 Qxc5 19. Qb3 Be6 20. Qa3 Qf5 21. Bd3 Qh5 22. Rf3 Bb6 23. Rg3 Qh4 24. Qc3 g6 25. Re1 Qxf4 26. c5 Qc7 27. Ne4 f5 28. cxb6 Qxb6 29. Nf6+ Kf7 30. Nxh7 Bd5 31. Nxf8 Rxf8 32. Bxf5 gxf5 33. Rg7+ Ke6 34. Rg6+ 1-0

[Event "Mittelfranken-ch QT"]
[Site "Nuremberg"]
[Date "2019.04.20"]
[Round "7.11"]
[White "Keller, Jan Christopher"]
[Black "Majid, Hakim"]
[Result "1-0"]
[WhiteElo "1399"]
[BlackElo "1588"]
[PlyCount "91"]
[EventDate "2019.04.17"]
[EventType "swiss"]
[EventRounds "7"]
[EventCountry "GER"]
[SourceTitle "EXT 2022"]
[Source "ChessBase"]
[SourceDate "2021.10.06"]
[SourceVersion "1"]
[SourceVersionDate "2021.10.06"]
[SourceQuality "1"]

1. c3 e6 2. d4 c6 3. Nf3 Bd6 4. e4 Bc7 5. Be3 d6 6. Nbd2 Nd7 7. Bd3 Ne7 8. Bf4 e5 9. Bg5 f6 10. Bh4 Ng6 11. Bg3 0-0 12. h4 Nf4 13. Bxf4 exf4 14. h5 Qe7 15. Rh4 d5 16. Qc2 f5 17. e5 Nb6 18. Rxf4 Bd7 19. 0-0-0 h6 20. g3 Be6 21. Nh4 Qg5 22. Bxf5 Bxf5 23. Rxf5 Rxf5 24. Qxf5 Qxf5 25. Nxf5 Rf8 26. Ne7+ Kh7 27. Rf1 Rf7 28. Ng6 Rf5 29. g4 Rf7 30. f4 Nc8 31. f5 Bd8 32. e6 Rc7 33. Nf3 b6 34. Nfe5 c5 35. dxc5 bxc5 36. Kb1 d4 37. c4 Bf6 38. Rd1 a5 39. a4 Rb7 40. Ka2 Nd6 41. b3 Ne4 42. Re1 Nd6 43. Nd7 d3 44. Rd1 Ne4 45. Nxf6+ gxf6 46. Rxd3 1-0

[Event "Mittelfranken-ch QT"]
[Site "Nuremberg"]
[Date "2015.04.02"]
[Round "4"]
[White "Grieneisen Pivatto, Nicolas"]
[Black "Majid, Hakim"]
[Result "1-0"]
[WhiteElo "1412"]
[BlackElo "1287"]
[PlyCount "26"]
[EventDate "2015.04.01"]
[EventType "swiss"]
[EventRounds "7"]
[EventCountry "GER"]
[SourceTitle "CBM 166 Extra"]
[Source "ChessBase"]
[SourceDate "2015.06.18"]
[SourceVersion "1"]
[SourceVersionDate "2015.06.18"]
[SourceQuality "1"]

1. d4 e5 2. dxe5 d6 3. exd6 Bxd6 4. Nc3 Nf6 5. Nf3 Nc6 6. e4 Qe7 7. Bd3 Bg4 8. h3 Bh5 9. Be3 0-0-0 10. Qe2 Kb8 11. a3 Ne5 12. g4 Nfxg4 13. hxg4 Bxg4 1-0

[Event "Mittelfranken-ch QT"]
[Site "Mittelfranken"]
[Date "2014.04.16"]
[Round "2.7"]
[White "Majid, Hakim"]
[Black "Suess, Helmut"]
[Result "0-1"]
[WhiteElo "1208"]
[BlackElo "1971"]
[PlyCount "74"]
[EventDate "2014.04.16"]
[EventType "swiss"]
[EventRounds "7"]
[EventCountry "GER"]
[SourceTitle "EXT 2022"]
[Source "ChessBase"]
[SourceDate "2021.10.06"]
[SourceVersion "1"]
[SourceVersionDate "2021.10.06"]
[SourceQuality "1"]

1. e4 c6 2. d4 d5 3. e5 Bf5 4. Nf3 e6 5. Bg5 Be7 6. Be3 Nd7 7. Be2 Qb6 8. Qc1 c5 9. 0-0 Bg6 10. c3 Rc8 11. Qd2 cxd4 12. Bxd4 Bc5 13. b3 Ne7 14. Qe3 Nf5 15. Qf4 Nxd4 16. cxd4 Be7 17. Nbd2 0-0 18. Rac1 Ba3 19. Rxc8 Rxc8 20. Qg4 Be7 21. Qf4 Nf8 22. g4 h6 23. h4 Qd8 24. Qg3 Be4 25. g5 hxg5 26. Nxg5 Bxg5 27. hxg5 Bf5 28. Kg2 Nh7 29. f4 Rc2 30. Rd1 Qa5 31. Qe3 Nf8 32. a4 Ng6 33. Nf3 Rxe2+ 34. Qxe2 Nxf4+ 35. Kf2 Nxe2 36. Kxe2 Qc3 37. Rg1 Bd3+ 0-1